000 00959cab a2200277 4500
001 ABS53609
008 090401t1995 xxu||||| |||| 00| 0 eng d
035 _a(Sirsi) u5332
041 _aeng
100 _aBallaster, R.
245 _aBreak clauses in leases - a tenant`s charter?
260 _c1995
350 _a0
490 _aRent Review & Lease Renewal
_v15(3) September 1995, 6-11(6)
520 _aDiscusses issues raised by the interrelationship between the Landlord and Tenant Act 1954 and a contractual right to determine the lease during the term. Explains the right to break and includes a draft tenants break clause.
650 _aBREAK CLAUSES
650 _aFIXED TERM LEASES
650 _aLANDLORD AND TENANT ACT 1954
650 _aLEASES
650 _aPERIODIC TENANCIES
650 _aRIGHT TO BREAK
650 _aTERMINATION OF TENANCY
690 _aLANDLORD AND TENANT-LEASEHOLD REFORM
942 _n0
948 _c04/03/1997
999 _c3172
_d3172